| 000 | 00513nam a22001817a 4500 | ||
|---|---|---|---|
| 003 | OSt | ||
| 005 | 20140310182217.0 | ||
| 008 | 130907t xxu||||| |||| 00| 0 eng d | ||
| 050 |
_aTX 645 _b.H756 1993 |
||
| 082 |
_aHS 641.5 _bH74 1993 |
||
| 100 |
_aHolst, Alison _917131 |
||
| 245 |
_aFamily favorites cookbook / _cAlison Holst. |
||
| 260 |
_aAlexandria, Va : _bCobra Import Export Pty Ltd, _c1993. |
||
| 300 |
_a192 p. ; _bill. col. ; _c30 cm. |
||
| 650 |
_aCookery _912409 |
||
| 942 |
_2lcc _cHS |
||
| 999 |
_c10626 _d10626 |
||